000 00640nam a2200241Ia 4500
003 OSt
005 20220918223809.0
006 a|||||r|||| 00| 0
007 ta
008 220917b |||||||| |||| 00| 0 eng d
024 _a225,169
037 _cTextual
040 _aARTS
_cARTS
_beng
041 _2eng
_aeng
082 _aQ2:22:g, P5 (P15)
100 _aPushpendra Kumar
245 0 _aFacets of the puranic wisdom
260 _aDelhi
_bEastern Book Linkers
_c2005
300 _axvi, 468p.
_ccm.
650 _aRELIGION
942 _hQ2:22:g, P5 (P15)
_cTEXL
_2CC
999 _c279487
_d279487